000 00699nam a2200229 i 4500
001 175521
003 ES-MaACL
005 20230906215836.0
007 t|
008 101103s1942 sp a r ||||1| spa d
080 _a748(460)
100 1 _aPérez Bueno, Luis.
_990681
245 1 0 _aVidrios y vidrieras /
_cpor Luis Pérez Bueno.
260 _aBarcelona :
_bAlberto Martín,
_c1942.
300 _a277, [50] p. de lám. bl. y n. ;
_c22 cm.
490 1 _aArtes decorativas españolas
650 0 4 _aVidrio artístico-
_zEspaña.
_917804
650 4 _aVidrieras.
_9136982
830 0 _aArtes decorativas españolas
_9189797
852 _aES-MaACL
_jE-13410
_xOlim P-915
999 _c175521
_d175521